[Event "RUS-ch Blitz Men 2018"]
[Site "Sochi"]
[Date "2018.10.07"]
[Round "17"]
[White "Gordievsky, Dmitry"]
[Black "Matlakov, Maxim"]
[Result "0-1"]
[WhiteElo "2615"]
[BlackElo "2683"]
[Annotator "TA"]
[PlyCount "110"]
[EventDate "2018.10.07"]
[EventType "swiss"]
[EventCountry "RUS"]
[SourceTitle "playchess.com"]
[Source "ChessBase"]
[SourceQuality "1"]

1. Nf3 d6 2. d4 g6 3. c4 Bg7 4. e4 Bg4 5. Be2 Nc6 6. Nbd2 Nf6 7. d5 Nb8 8. Qc2 O-O 9. h3 Bd7 10. Rb1 c6 11. b4 cxd5 12. cxd5 a5 13. b5 Be8 14. O-O Nbd7 15. Bb2 Rc8 16. Qd3 Nc5 17. Qe3 Bd7 18. Bd4 e6 19. Bxc5 Rxc5 20. Nb3 Rc2 21. dxe6 Bxe6 22. Nfd4 Bxb3 23. Qxb3 Rd2 24. Bd3 a4 25. Qc3 Rxa2 26. Qc4 Rd2 27. Nf3 d5 28. exd5 Rxd3 29. Qxd3 Qxd5 30. Qa3 Ra8 31. Rfd1 Qf5 32. Re1 Bf8 33. Qa2 a3 34. Rb3 Bc5 35. Rd1 b6 36. Rbd3 Kg7 37. R3d2 Ne4 38. Rc2 Qf6 39. Re1 Nc3 40. Qb3 a2 41. Qxc3 Qxc3 42. Rxc3 Bb4 43. Rcc1 Bxe1 44. Rxe1 a1=Q 45. Rxa1 Rxa1+ 46. Kh2 Rd1 47. Ne5 Rd5 48. Nc4 Rxb5 49. Kg3 Rb4 50. Ne3 b5 51. Kf3 Rb2 52. Nd5 b4 53. Ke3 b3 54. Nc3 Rc2 55. Ne4 b2 0-1

[Event "RUS-ch Blitz Men 2018"]
[Site "Sochi"]
[Date "2018.10.07"]
[Round "17"]
[White "Chigaev, Maksim"]
[Black "Sjugirov, Sanan"]
[Result "0-1"]
[WhiteElo "2599"]
[BlackElo "2654"]
[Annotator "TA"]
[PlyCount "128"]
[EventDate "2018.10.07"]
[EventType "swiss"]
[EventCountry "RUS"]
[SourceTitle "playchess.com"]
[Source "ChessBase"]
[SourceQuality "1"]

1. e4 c6 2. d4 d5 3. exd5 cxd5 4. Bd3 Nc6 5. c3 Nf6 6. h3 e5 7. dxe5 Nxe5 8. Nf3 Nxd3+ 9. Qxd3 Bd6 10. O-O O-O 11. Bg5 h6 12. Bh4 g5 13. Bg3 Bxg3 14. fxg3 Ne4 15. Nd4 f5 16. Nd2 Bd7 17. g4 Nxd2 18. Qxd2 fxg4 19. Rxf8+ Qxf8 20. Rf1 Qd6 21. hxg4 Bxg4 22. Qe3 Bd7 23. Qd3 Re8 24. a3 Kg7 25. Kh1 Qe7 26. Nf3 Qe4 27. Qd2 Qc4 28. Re1 Rxe1+ 29. Qxe1 Qe4 30. Qf2 b6 31. Nd4 Qb1+ 32. Kh2 Qe4 33. Qg3 Kf7 34. Qf2+ Ke7 35. Qg3 Kf7 36. Qf2+ Kg6 37. Kg1 Qb1+ 38. Kh2 Qe4 39. Kg1 Qf4 40. Qe1 Qe4 41. Qf2 Bf5 42. Kh2 Qh4+ 43. Qxh4 gxh4 44. Nf3 Bd7 45. Kg1 Kh5 46. Ne5 Bf5 47. Nf3 Kg4 48. Kf2 Be4 49. Nd4 h3 50. gxh3+ Kxh3 51. Ne2 Kg4 52. Ng3 h5 53. Nf1 h4 54. b3 Kf4 55. c4 dxc4 56. bxc4 Bd3 57. Nd2 h3 58. a4 Bc2 59. a5 bxa5 60. c5 a4 61. c6 a3 62. c7 Bf5 63. Nb3 a2 64. Kg1 Kg3 0-1

[Event "RUS-ch Blitz Men 2018"]
[Site "Sochi"]
[Date "2018.10.07"]
[Round "17"]
[White "Antipov, Mikhail Al."]
[Black "Khanin, Semen"]
[Result "1/2-1/2"]
[WhiteElo "2593"]
[BlackElo "2510"]
[Annotator "ChessBase"]
[PlyCount "60"]
[EventDate "2018.10.07"]
[EventType "swiss"]
[EventCountry "RUS"]
[SourceTitle "playchess.com"]
[Source "ChessBase"]
[SourceQuality "1"]

1. e4 e5 2. Nf3 Nc6 3. d4 exd4 4. Nxd4 Nf6 5. Nxc6 bxc6 6. e5 Qe7 7. Qe2 Nd5 8. g3 g6 9. c4 Ba6 10. b3 Bg7 11. Bb2 O-O 12. Bh3 d6 13. O-O Bxe5 14. Bxe5 dxe5 15. Bg2 Rad8 16. Nd2 f5 17. Nf3 e4 18. Nd4 Nc3 19. Qe3 Rxd4 20. Qxc3 c5 21. Qa5 Qd6 22. Rae1 Rd8 23. f3 exf3 24. Bxf3 Qb6 25. Qxb6 axb6 26. Re7 R4d7 27. Rfe1 Kf8 28. R7e5 Rd6 29. Re7 R6d7 30. R7e5 Rd6 1/2-1/2

[Event "RUS-ch Blitz Men 2018"]
[Site "Sochi"]
[Date "2018.10.07"]
[Round "17"]
[White "Rozum, Ivan"]
[Black "Pridorozhni, Aleksei"]
[Result "1-0"]
[WhiteElo "2573"]
[BlackElo "2574"]
[Annotator "RC"]
[PlyCount "115"]
[EventDate "2018.10.07"]
[EventType "swiss"]
[EventCountry "RUS"]
[SourceTitle "playchess.com"]
[Source "ChessBase"]
[SourceQuality "1"]

1. c4 e5 2. Nc3 Bb4 3. Nd5 Bc5 4. Nf3 e4 5. d4 Bf8 6. Ng5 c6 7. Nc3 f5 8. h4 Nf6 9. Nh3 d5 10. Bg5 dxc4 11. e3 b5 12. a4 Bb4 13. Nf4 Na6 14. Be2 Nc7 15. Kf1 Bxc3 16. bxc3 O-O 17. Qb1 h6 18. Bxf6 Rxf6 19. Qb4 a5 20. Qc5 Qd6 21. Nh5 Rg6 22. Qxd6 Rxd6 23. Ke1 Nd5 24. Kd2 Nb6 25. axb5 cxb5 26. Rhb1 Bd7 27. g4 fxg4 28. Ng3 Bc6 29. Bxg4 Nd7 30. Nf5 Re6 31. Nxg7 Rg6 32. Bxd7 Bxd7 33. Nh5 Rf8 34. Nf4 Ra6 35. h5 Rf5 36. Rg1+ Rg5 37. Rxg5+ hxg5 38. Rg1 g4 39. Ra1 Kg7 40. Nd5 Kh6 41. Nf4 Ra8 42. Kc2 Bc6 43. Kd2 b4 44. d5 Bb7 45. cxb4 axb4 46. Rxa8 Bxa8 47. d6 Bc6 48. Nd5 c3+ 49. Kc2 Ba4+ 50. Kc1 Kxh5 51. Nxb4 g3 52. fxg3 Kg4 53. Nd5 Kxg3 54. Nxc3 Bc6 55. Kd2 Kg4 56. Nxe4 Kf5 57. Nc5 Kf6 58. Kd3 1-0

[Event "RUS-ch Blitz Men 2018"]
[Site "Sochi"]
[Date "2018.10.07"]
[Round "17"]
[White "Bocharov, Ivan"]
[Black "Sarana, Alexey"]
[Result "1-0"]
[WhiteElo "2563"]
[BlackElo "2641"]
[Annotator "TA"]
[PlyCount "77"]
[EventDate "2018.10.07"]
[EventType "swiss"]
[EventCountry "RUS"]
[SourceTitle "playchess.com"]
[Source "ChessBase"]
[SourceQuality "1"]

1. e4 c5 2. Nf3 d6 3. d4 cxd4 4. Nxd4 Nf6 5. Nc3 a6 6. f3 e5 7. Nb3 Be6 8. Be3 Nbd7 9. Qd2 b5 10. a4 b4 11. Nd5 Bxd5 12. exd5 a5 13. Bb5 Be7 14. O-O-O O-O 15. Bc6 Rc8 16. Qe2 Nb8 17. Qb5 Nxc6 18. dxc6 Qc7 19. Nxa5 Rb8 20. Nb7 Rfc8 21. b3 d5 22. g4 Qxc6 23. Qxc6 Rxc6 24. g5 Ne8 25. Na5 Rc3 26. Rd3 d4 27. Bd2 Rc5 28. Nc4 Rxc4 29. bxc4 Ra8 30. Kb2 Nc7 31. Ra1 Ne6 32. Rb3 Rc8 33. a5 d3 34. cxd3 Nc5 35. a6 Nxb3 36. Kxb3 Ra8 37. Bxb4 Rb8 38. a7 Rxb4+ 39. Kc2 1-0

[Event "RUS-ch Blitz Men 2018"]
[Site "Sochi"]
[Date "2018.10.07"]
[Round "17"]
[White "Savchenko, Boris"]
[Black "Rakhmanov, Aleksandr"]
[Result "1-0"]
[WhiteElo "2562"]
[BlackElo "2634"]
[Annotator "TA"]
[PlyCount "51"]
[EventDate "2018.10.07"]
[EventType "swiss"]
[EventCountry "RUS"]
[SourceTitle "playchess.com"]
[Source "ChessBase"]
[SourceQuality "1"]

1. e4 d5 2. exd5 Qxd5 3. Nc3 Qd6 4. d4 g6 5. Nb5 Qb6 6. Bf4 Na6 7. Qd2 Nf6 8. O-O-O c6 9. Na3 Be6 10. Nf3 Bg7 11. Ne5 Rd8 12. Nec4 Bxc4 13. Nxc4 Qb4 14. c3 Qa4 15. b3 Qb5 16. Nd6+ exd6 17. Bxb5 cxb5 18. Qe2+ Kf8 19. Qxb5 Rd7 20. Rhe1 h6 21. Rd2 g5 22. Rde2 Nc7 23. Qxb7 Kg8 24. Re7 Rxe7 25. Rxe7 Ncd5 26. Rxf7 1-0

[Event "RUS-ch Blitz Men 2018"]
[Site "Sochi"]
[Date "2018.10.07"]
[Round "17"]
[White "Sviridov, Valery"]
[Black "Gochelashvili, David"]
[Result "1-0"]
[WhiteElo "2551"]
[BlackElo "2419"]
[Annotator "TA"]
[PlyCount "111"]
[EventDate "2018.10.07"]
[EventType "swiss"]
[EventCountry "RUS"]
[SourceTitle "playchess.com"]
[Source "ChessBase"]
[SourceQuality "1"]

1. Nf3 g6 2. g3 Bg7 3. Bg2 e5 4. O-O Nc6 5. c4 d6 6. Nc3 Be6 7. d3 h6 8. Rb1 Qd7 9. b4 Bh3 10. Bxh3 Qxh3 11. Nd5 Qd7 12. b5 Nce7 13. e4 f5 14. Nh4 fxe4 15. dxe4 Nxd5 16. Qxd5 c6 17. bxc6 bxc6 18. Qd3 Ne7 19. Ba3 c5 20. Rfd1 Rd8 21. Ng2 Nc6 22. Qd5 Ne7 23. Qb7 Bf6 24. h4 Qa4 25. Qb5+ Qxb5 26. Rxb5 Nc6 27. Ne3 Rd7 28. Nd5 Bd8 29. Bb2 Rf8 30. Kg2 h5 31. Bc3 Rff7 32. Rdb1 Kf8 33. R5b2 Kg7 34. Bd2 Nd4 35. Be3 Nc6 36. Rd2 Be7 37. Rbd1 Bf8 38. Nc3 a6 39. Bxc5 Na5 40. Bxd6 Bxd6 41. Rxd6 Rc7 42. Rxa6 Nxc4 43. Nd5 Rb7 44. Rc6 Na5 45. Rc2 Rb5 46. Rdc1 Nb7 47. Rc7 Nd6 48. Rxf7+ Kxf7 49. Rc7+ Kf8 50. Nf6 Ra5 51. Rc2 Kf7 52. Rc6 Ke6 53. Ne8 Kd7 54. Rxd6+ Kxe8 55. Rxg6 Kf7 56. Rg5 1-0

[Event "RUS-ch Blitz Men 2018"]
[Site "Sochi"]
[Date "2018.10.07"]
[Round "17"]
[White "Shcherbakov, Ruslan"]
[Black "Nechaev, Oleg"]
[Result "1-0"]
[WhiteElo "2516"]
[BlackElo "2400"]
[Annotator "TA"]
[PlyCount "93"]
[EventDate "2018.10.07"]
[EventType "swiss"]
[EventCountry "RUS"]
[SourceTitle "playchess.com"]
[Source "ChessBase"]
[SourceQuality "1"]

1. e4 c5 2. Nf3 Nc6 3. Bb5 g6 4. Bxc6 dxc6 5. d3 Bg7 6. h3 b6 7. Nbd2 Nf6 8. Nc4 O-O 9. Be3 Ne8 10. Qd2 f6 11. Bh6 e5 12. O-O Nc7 13. Bxg7 Kxg7 14. a4 Ne6 15. a5 b5 16. Ne3 a6 17. Rad1 Ra7 18. Nh2 Nf4 19. h4 Rd7 20. g3 Ne6 21. Qc1 Nd4 22. Kg2 Qxa5 23. Neg4 Qd8 24. Qh6+ Kg8 25. f4 exf4 26. Rxf4 Rdf7 27. Ne3 Qd6 28. Rdf1 Ne2 29. R4f3 Nd4 30. R3f2 c4 31. dxc4 Qe6 32. Qf4 bxc4 33. Nhg4 Kh8 34. c3 Nb3 35. e5 f5 36. Nf6 Nc5 37. Nxc4 Nd3 38. Qd4 Nxf2 39. Rxf2 c5 40. Qxc5 Bb7+ 41. Kh2 Rxf6 42. exf6 Rc8 43. Qd4 Kg8 44. Nd6 Rb8 45. f7+ Kf8 46. Qh8+ Ke7 47. Qxb8 1-0

[Event "RUS-ch Blitz Men 2018"]
[Site "Sochi"]
[Date "2018.10.07"]
[Round "17"]
[White "Potapov, Pavel"]
[Black "Sychev, Klementy"]
[Result "1/2-1/2"]
[WhiteElo "2515"]
[BlackElo "2534"]
[Annotator "TA"]
[PlyCount "80"]
[EventDate "2018.10.07"]
[EventType "swiss"]
[EventCountry "RUS"]
[SourceTitle "playchess.com"]
[Source "ChessBase"]
[SourceQuality "1"]

1. e4 e6 2. d3 d5 3. Nd2 c5 4. Ngf3 Nc6 5. g3 Nf6 6. Bg2 g6 7. O-O Bg7 8. Re1 O-O 9. exd5 exd5 10. d4 c4 11. Nf1 Bf5 12. Bf4 Qb6 13. Qc1 Rfe8 14. Rxe8+ Rxe8 15. Ne3 Be4 16. c3 h6 17. g4 Qd8 18. h3 b5 19. Nf1 g5 20. Be3 b4 21. Ng3 bxc3 22. bxc3 Qa5 23. Qd2 Qa3 24. Ne5 Bxg2 25. Kxg2 Nxe5 26. dxe5 Rxe5 27. Bd4 Re6 28. Rb1 Qf8 29. Rb7 Ne4 30. Nxe4 dxe4 31. Bxg7 Qxg7 32. Qd8+ Kh7 33. Qd5 Qf6 34. Qxc4 Kg7 35. Qd4 Qxd4 36. cxd4 Ra6 37. Re7 Rxa2 38. Rxe4 Rd2 39. Re7 a5 40. Ra7 Rxd4 1/2-1/2

[Event "RUS-ch Blitz Men 2018"]
[Site "Sochi"]
[Date "2018.10.07"]
[Round "17"]
[White "Demidov, Mikhail"]
[Black "Bocharov, Dmitry"]
[Result "1/2-1/2"]
[WhiteElo "2514"]
[BlackElo "2557"]
[Annotator "ChessBase"]
[PlyCount "49"]
[EventDate "2018.10.07"]
[EventType "swiss"]
[EventCountry "RUS"]
[SourceTitle "playchess.com"]
[Source "ChessBase"]
[SourceQuality "1"]

1. d4 Nf6 2. Nf3 d6 3. g3 g6 4. Bg2 Bg7 5. b3 O-O 6. O-O Nc6 7. Bb2 e5 8. dxe5 Ng4 9. c4 Ngxe5 10. Qd2 a5 11. Nc3 a4 12. Nxe5 Nxe5 13. Nxa4 Nxc4 14. bxc4 Rxa4 15. Bxg7 Kxg7 16. Bxb7 Bxb7 17. Qb2+ Qf6 18. Qxb7 Rxc4 19. a4 Rc2 20. Rac1 Rxe2 21. Qxc7 Ra2 22. Qc6 Rb8 23. Rc2 Rbb2 24. Rxb2 Qxb2 25. Qxd6 1/2-1/2

[Event "RUS-ch Blitz Men 2018"]
[Site "Sochi"]
[Date "2018.10.07"]
[Round "17"]
[White "Triapishko, Alexandr"]
[Black "Kozak, Alexander"]
[Result "1/2-1/2"]
[WhiteElo "2508"]
[BlackElo "2262"]
[Annotator "TA"]
[PlyCount "90"]
[EventDate "2018.10.07"]
[EventType "swiss"]
[EventCountry "RUS"]
[SourceTitle "playchess.com"]
[Source "ChessBase"]
[SourceQuality "1"]

1. e4 c6 2. d4 d5 3. exd5 cxd5 4. Nf3 Nf6 5. Ne5 Nc6 6. Bb5 Bd7 7. Nxd7 Qxd7 8. c3 e6 9. O-O Bd6 10. Nd2 O-O 11. Re1 Qc7 12. g3 a6 13. Bd3 e5 14. dxe5 Nxe5 15. Nf3 Nxd3 16. Qxd3 Bc5 17. Be3 Rfe8 18. Bd4 Ne4 19. Kg2 Rad8 20. Rad1 b5 21. a3 f5 22. Bxc5 Qxc5 23. Qd4 Qc7 24. Re2 f4 25. Qd3 h6 26. Nd4 Qf7 27. f3 Nd6 28. Rde1 Rxe2+ 29. Rxe2 Nc4 30. Ne6 Re8 31. Nxf4 Rxe2+ 32. Qxe2 g5 33. Nd3 Qa7 34. Qf2 Qh7 35. Qd4 Qf5 36. g4 Qe6 37. Kf2 Qd6 38. f4 gxf4 39. Nxf4 Nxb2 40. Kf3 Nc4 41. Nxd5 Kf7 42. Qf4+ Qxf4+ 43. Kxf4 Nxa3 44. Nc7 Nb1 45. Nxa6 Nxc3 1/2-1/2

[Event "RUS-ch Blitz Men 2018"]
[Site "Sochi"]
[Date "2018.10.07"]
[Round "17"]
[White "Moiseenko, Vadim"]
[Black "Riazantsev, Alexander"]
[Result "0-1"]
[WhiteElo "2492"]
[BlackElo "2649"]
[Annotator "TA"]
[PlyCount "74"]
[EventDate "2018.10.07"]
[EventType "swiss"]
[EventCountry "RUS"]
[SourceTitle "playchess.com"]
[Source "ChessBase"]
[SourceQuality "1"]

1. d4 Nf6 2. Bf4 d5 3. e3 Bf5 4. Bd3 Bg6 5. Nf3 e6 6. c3 Be7 7. Qe2 c5 8. Nbd2 Nc6 9. O-O O-O 10. Bxg6 hxg6 11. h3 a6 12. Rfe1 b5 13. Ne5 Nxe5 14. Bxe5 Nd7 15. Bg3 Qb6 16. Rad1 Rfe8 17. Nf3 Nf6 18. Bh4 Bf8 19. Ne5 Qb7 20. Qf3 Ne4 21. Qe2 Bd6 22. Nf3 f6 23. Nd2 Nxd2 24. Rxd2 g5 25. Bg3 Bxg3 26. fxg3 Qc7 27. Qg4 Rad8 28. h4 gxh4 29. gxh4 f5 30. Qg5 c4 31. Rf1 Rf8 32. g4 fxg4 33. Rg2 Rxf1+ 34. Kxf1 Rf8+ 35. Ke2 Qf7 36. Qxg4 Qf1+ 37. Kd2 Qd3+ 0-1

[Event "RUS-ch Blitz Men 2018"]
[Site "Sochi"]
[Date "2018.10.07"]
[Round "17"]
[White "Fakhrutdinov, Timur"]
[Black "Usmanov, Vasily"]
[Result "1/2-1/2"]
[WhiteElo "2472"]
[BlackElo "2453"]
[Annotator "TA"]
[PlyCount "113"]
[EventDate "2018.10.07"]
[EventType "swiss"]
[EventCountry "RUS"]
[SourceTitle "playchess.com"]
[Source "ChessBase"]
[SourceQuality "1"]

1. e4 e6 2. d4 d5 3. Nc3 Nf6 4. e5 Nfd7 5. f4 c5 6. Nf3 Nc6 7. Be3 cxd4 8. Nxd4 Bc5 9. Qd2 Bxd4 10. Bxd4 Nxd4 11. Qxd4 Qb6 12. Nb5 Qxd4 13. Nxd4 Ke7 14. h4 Nb8 15. Rh3 Nc6 16. c3 h5 17. Rg3 g6 18. O-O-O Bd7 19. Kb1 a6 20. Nb3 Rac8 21. Be2 Rc7 22. Rgd3 Na7 23. Rd4 Nc6 24. R4d2 Na7 25. c4 dxc4 26. Bxc4 Ba4 27. Be2 Rhc8 28. Rc1 Bc6 29. g3 Be4+ 30. Bd3 Rxc1+ 31. Nxc1 Rd8 32. Kc2 Rc8+ 33. Kd1 Bf3+ 34. Be2 Bxe2+ 35. Nxe2 Nc6 36. Nc3 Na5 37. Kc2 Nc4 38. Rd3 b5 39. a3 Nb6 40. Kd2 Rc6 41. b3 Nd7 42. Ne4 Nb6 43. Rc3 Rxc3 44. Kxc3 Kd7 45. Kd4 Kc6 46. Ng5 Nd5 47. Nxf7 Ne7 48. Nd6 Nf5+ 49. Nxf5 gxf5 50. a4 bxa4 51. bxa4 a5 52. Kc4 Kb6 53. Kd4 Kc6 54. Kc4 Kb6 55. Kd4 Kc6 56. Kc4 Kb6 57. Kd4 1/2-1/2

[Event "RUS-ch Blitz Men 2018"]
[Site "Sochi"]
[Date "2018.10.07"]
[Round "17"]
[White "Kezin, Roman"]
[Black "Sharafiev, Azat"]
[Result "1-0"]
[WhiteElo "2471"]
[BlackElo "2432"]
[Annotator "ChessBase"]
[PlyCount "55"]
[EventDate "2018.10.07"]
[EventType "swiss"]
[EventCountry "RUS"]
[SourceTitle "playchess.com"]
[Source "ChessBase"]
[SourceQuality "1"]

1. d4 e6 2. c4 b6 3. Nc3 Bb7 4. a3 f5 5. d5 Nf6 6. g3 Bd6 7. Bg2 O-O 8. Nh3 Na6 9. O-O Nc5 10. Rb1 Be5 11. Bd2 Nce4 12. Nxe4 Nxe4 13. Bf4 Bxf4 14. Nxf4 e5 15. Nd3 d6 16. f4 Qe7 17. Qc2 Rae8 18. fxe5 dxe5 19. Bxe4 fxe4 20. Nf2 e3 21. Ne4 c6 22. d6 Qe6 23. c5 Ba6 24. Ng5 Qh6 25. Qb3+ Kh8 26. Rxf8+ Rxf8 27. Nf7+ Rxf7 28. Qxf7 1-0

[Event "RUS-ch Blitz Men 2018"]
[Site "Sochi"]
[Date "2018.10.07"]
[Round "17"]
[White "Kozionov, Kirill"]
[Black "Asanov, Timur"]
[Result "1-0"]
[WhiteElo "2458"]
[BlackElo "2389"]
[Annotator "RC"]
[PlyCount "88"]
[EventDate "2018.10.07"]
[EventType "swiss"]
[EventCountry "RUS"]
[SourceTitle "playchess.com"]
[Source "ChessBase"]
[SourceQuality "1"]

1. d4 Nf6 2. c4 g6 3. Nc3 Bg7 4. e4 d6 5. Nf3 O-O 6. Be2 e5 7. Be3 exd4 8. Nxd4 Re8 9. f3 Nbd7 10. O-O Nc5 11. Qd2 Bd7 12. Rfd1 Qc8 13. Bf1 Ne6 14. Rac1 Nc5 15. b4 Ne6 16. Nd5 c6 17. Nxf6+ Bxf6 18. Nb3 Be7 19. e5 Bf8 20. exd6 b6 21. c5 bxc5 22. bxc5 a5 23. Nxa5 Bg7 24. Nc4 Qd8 25. Nb6 Ra3 26. Bf2 h5 27. Rb1 Nf8 28. Rb3 Ra7 29. a4 Be6 30. Rb4 g5 31. Bd4 Ng6 32. Bxg7 Kxg7 33. Rd4 f6 34. a5 Ne5 35. a6 h4 36. f4 gxf4 37. Qxf4 Rg8 38. Qxh4 Kf7 39. Kh1 Rg5 40. d7 Ng4 41. Nc8 Ra8 42. Nd6+ Kg7 43. Re1 Bd5 44. Re8 Qxd7 1-0

[Event "RUS-ch Blitz Men 2018"]
[Site "Sochi"]
[Date "2018.10.07"]
[Round "17"]
[White "Gutenev, Alexander"]
[Black "Nazaretyan, Tigran"]
[Result "1-0"]
[WhiteElo "2456"]
[BlackElo "2248"]
[Annotator "TA"]
[PlyCount "123"]
[EventDate "2018.10.07"]
[EventType "swiss"]
[EventCountry "RUS"]
[SourceTitle "playchess.com"]
[Source "ChessBase"]
[SourceQuality "1"]

1. e4 c5 2. Nf3 Nc6 3. d4 cxd4 4. Nxd4 Nf6 5. Nc3 d6 6. Bg5 e6 7. Qd2 a6 8. O-O-O Bd7 9. f4 h6 10. Bh4 g5 11. fxg5 Ng4 12. h3 Nge5 13. Bg3 hxg5 14. Kb1 Be7 15. Be2 Qa5 16. Nxc6 Nxc6 17. Bf3 Ne5 18. Qd4 Rc8 19. Be2 Qc5 20. Qxc5 Rxc5 21. Bf2 Rc8 22. g3 b5 23. a3 Bc6 24. h4 g4 25. Be3 f5 26. Rhf1 fxe4 27. Rf4 Rf8 28. Rdf1 d5 29. h5 Rxf4 30. Bxf4 Nf3 31. h6 Kf7 32. Rh1 Bf6 33. Nd1 e5 34. Bc1 d4 35. Nf2 d3 36. cxd3 exd3 37. Bxd3 Rd8 38. Rd1 e4 39. Bc2 Rxd1 40. Nxd1 Kg6 41. Nf2 Bg5 42. Nxg4 Nd2+ 43. Bxd2 Bxd2 44. Ne5+ Kxh6 45. Nxc6 e3 46. Nd4 Kg5 47. Ne2 Kg4 48. Be4 Be1 49. Kc2 Bxg3 50. Nxg3 Kxg3 51. Kd1 Kf2 52. Bd3 Kf3 53. Ke1 Kg3 54. Ke2 Kf4 55. b4 Ke5 56. Kxe3 Kd5 57. Be2 Kc6 58. Kd4 Kb6 59. Kd5 a5 60. Kd6 axb4 61. axb4 Ka6 62. Kc5 1-0

[Event "RUS-ch Blitz Men 2018"]
[Site "Sochi"]
[Date "2018.10.07"]
[Round "17"]
[White "Balashov, Yuri S"]
[Black "Gogolev, Artem"]
[Result "1/2-1/2"]
[WhiteElo "2429"]
[BlackElo "2389"]
[Annotator "TA"]
[PlyCount "141"]
[EventDate "2018.10.07"]
[EventType "swiss"]
[EventCountry "RUS"]
[SourceTitle "playchess.com"]
[Source "ChessBase"]
[SourceQuality "1"]

1. e4 c5 2. Ne2 Nf6 3. Nbc3 Nc6 4. d4 cxd4 5. Nxd4 Qb6 6. Nb3 Qc7 7. f4 d6 8. Nd5 Nxd5 9. exd5 Na5 10. Bb5+ Bd7 11. Bxd7+ Kxd7 12. Qg4+ Kd8 13. Qe2 g6 14. O-O Bg7 15. c3 Nxb3 16. axb3 Qc5+ 17. Be3 Qxd5 18. Bxa7 e6 19. Rad1 Qc6 20. Bd4 Bxd4+ 21. Rxd4 Ke7 22. f5 gxf5 23. Rxf5 Ra1+ 24. Rf1 Rxf1+ 25. Qxf1 Qb6 26. Kh1 Qxb3 27. Qf2 Rg8 28. h3 Rg6 29. Qh4+ Kd7 30. Qxh7 e5 31. Rd2 Rf6 32. Kh2 Qc4 33. Qd3 Qxd3 34. Rxd3 Rf2 35. b4 f5 36. Kg3 Ra2 37. h4 Ke6 38. h5 Ra1 39. Kh4 Rh1+ 40. Kg5 e4 41. Re3 Rh2 42. g3 b5 43. h6 Ke5 44. Re1 d5 45. h7 Rxh7 46. Rf1 Rg7+ 47. Kh4 Rg4+ 48. Kh3 e3 49. Kg2 Ke4 50. Rd1 Rg8 51. Rd4+ Ke5 52. Kf3 Rc8 53. Rd3 Rc4 54. Rxe3+ Re4 55. Rd3 Re1 56. Kf2 Re4 57. Rd1 f4 58. gxf4+ Rxf4+ 59. Ke3 Rh4 60. Rg1 Rh3+ 61. Kd2 Ke4 62. Rg4+ Ke5 63. Rg6 Rh2+ 64. Kd3 Rh3+ 65. Kc2 Rh2+ 66. Kb3 Rh3 67. Rg5+ Kd6 68. Rg8 Kc6 69. Rc8+ Kd6 70. Rc5 d4 71. Kc2 1/2-1/2

[Event "RUS-ch Blitz Men 2018"]
[Site "Sochi"]
[Date "2018.10.07"]
[Round "17"]
[White "Lugovskoy, Maxim"]
[Black "Ofitserian, Boris"]
[Result "1-0"]
[WhiteElo "2428"]
[BlackElo "2274"]
[Annotator "TA"]
[PlyCount "93"]
[EventDate "2018.10.07"]
[EventType "swiss"]
[EventCountry "RUS"]
[SourceTitle "playchess.com"]
[Source "ChessBase"]
[SourceQuality "1"]

1. d4 Nf6 2. Nc3 d5 3. Bf4 e6 4. Nb5 Na6 5. e3 c6 6. Nc3 Nc7 7. Qf3 Bd6 8. Bxd6 Qxd6 9. Qg3 Qxg3 10. hxg3 O-O 11. Nf3 Bd7 12. Ne5 Rfc8 13. Bd3 h6 14. g4 Be8 15. f4 Nd7 16. Kd2 f6 17. Nxd7 Bxd7 18. g5 hxg5 19. fxg5 f5 20. g4 Ne8 21. Ne2 Nd6 22. Nf4 Kf7 23. Rh7 Rg8 24. Rg1 fxg4 25. g6+ Ke7 26. Nh5 Kf8 27. Rxg4 e5 28. Rg1 e4 29. Rf1+ Ke7 30. Be2 Nf5 31. Nxg7 Nxg7 32. Rf7+ Kd6 33. Rhxg7 Rxg7 34. Rxg7 Rf8 35. c4 dxc4 36. Bxc4 Rf2+ 37. Kc3 Rg2 38. Rg8 b5 39. Bb3 a5 40. a3 c5 41. dxc5+ Kxc5 42. Bf7 b4+ 43. axb4+ axb4+ 44. Kb3 Rg3 45. Rd8 Kc6 46. Kxb4 Rxe3 47. g7 1-0

[Event "RUS-ch Blitz Men 2018"]
[Site "Sochi"]
[Date "2018.10.07"]
[Round "17"]
[White "Vastrukhin, Oleg"]
[Black "Gabrielian, Artur"]
[Result "1-0"]
[WhiteElo "2413"]
[BlackElo "2499"]
[Annotator "ChessBase"]
[PlyCount "79"]
[EventDate "2018.10.07"]
[EventType "swiss"]
[EventCountry "RUS"]
[SourceTitle "playchess.com"]
[Source "ChessBase"]
[SourceQuality "1"]

1. g3 c5 2. Bg2 Nc6 3. c4 g6 4. Nc3 Bg7 5. e3 e5 6. Nge2 Nge7 7. O-O O-O 8. d3 d6 9. b3 Be6 10. Bb2 d5 11. Rc1 d4 12. exd4 cxd4 13. Ne4 b6 14. Ba3 a5 15. f4 Nb4 16. fxe5 Bxe5 17. Nf4 Nf5 18. Nxe6 fxe6 19. Qd2 Ne3 20. Rxf8+ Qxf8 21. Bh3 Kh8 22. Qe2 Re8 23. c5 bxc5 24. Rxc5 Nbd5 25. Rxd5 Qxa3 26. Rxe5 Qc1+ 27. Bf1 Rf8 28. Nf2 Rf6 29. Rxe3 dxe3 30. Ng4 Rf8 31. Nxe3 Qc3 32. Nc4 Qd4+ 33. Qe3 Qd7 34. Bh3 Rf6 35. Qe5 Kg7 36. d4 Qe7 37. Bg2 Qb4 38. h4 Qc3 39. Nd6 Qc1+ 40. Kh2 1-0

[Event "RUS-ch Blitz Men 2018"]
[Site "Sochi"]
[Date "2018.10.07"]
[Round "17"]
[White "Mikhailovsky, Vladimir"]
[Black "Yashmetov, Mikhail"]
[Result "1-0"]
[WhiteElo "2411"]
[BlackElo "2263"]
[Annotator "NA"]
[PlyCount "145"]
[EventDate "2018.10.07"]
[EventType "swiss"]
[EventCountry "RUS"]
[SourceTitle "playchess.com"]
[Source "ChessBase"]
[SourceQuality "1"]

1. c4 e5 2. b3 g6 3. Bb2 Bg7 4. g3 f5 5. Bg2 d6 6. d3 Nf6 7. e4 fxe4 8. dxe4 O-O 9. Ne2 Nbd7 10. O-O Nc5 11. Nbc3 Bg4 12. h3 Bxe2 13. Qxe2 Ne6 14. Nd5 c6 15. Nxf6+ Bxf6 16. Rad1 c5 17. Rd5 Nd4 18. Bxd4 cxd4 19. c5 Be7 20. f4 Qc7 21. cxd6 Bxd6 22. f5 Kh8 23. Qg4 gxf5 24. Rxf5 Rxf5 25. exf5 Rg8 26. Qh4 Be7 27. f6 Bf8 28. Kh2 Qf7 29. Rxe5 Bd6 30. Rg5 Rxg5 31. Qxg5 d3 32. Qe3 Qxf6 33. Qxd3 b6 34. a4 Qe5 35. Qf3 Kg7 36. h4 Qd4 37. Kh3 Qe5 38. Qg4+ Kf8 39. Be4 h5 40. Qf3+ Kg7 41. Bd5 Kh6 42. Be4 Qe6+ 43. Bf5 Qe5 44. Qd3 Kg7 45. Qf3 Kh6 46. Be4 Qe6+ 47. Kg2 Qe5 48. Bd3 Qb2+ 49. Be2 Qe5 50. Qd3 Qf6 51. Qd5 Qe5 52. Qf3 Kg7 53. Bc4 Kh6 54. Bf7 Qb2+ 55. Kh3 Qe5 56. Kg2 Qb2+ 57. Kh1 Qa1+ 58. Kh2 Qe5 59. Bc4 Qd4 60. Kh3 Qe5 61. Bd3 Qe6+ 62. Kg2 Qe5 63. Be4 Qb2+ 64. Kf1 Qa1+ 65. Ke2 Qb2+ 66. Kd1 Qd4+ 67. Kc2 Qe5 68. Bd3 Qc5+ 69. Kb1 Qe5 70. Bc2 Qe1+ 71. Ka2 Be5 72. Qf8+ Bg7 73. Qd6+ 1-0